[Event "SRB-chT Central"]
[Site "Novi Pazar"]
[Date "2024.10.16"]
[Round "8.2"]
[White "Radivojevic, Ivan"]
[Black "Baglan, Esat"]
[Result "1/2-1/2"]
[WhiteElo "2341"]
[BlackElo "2336"]
[PlyCount "32"]
[EventDate "2024.10.10"]
[EventType "team-tourn"]
[EventRounds "11"]
[EventCountry "SRB"]
[SourceTitle "CB43_2024"]
[Source "Chessbase"]
[SourceDate "2024.10.23"]
[SourceVersion "1"]
[SourceVersionDate "2024.10.23"]
[SourceQuality "1"]
[WhiteTeam "Ivanjica"]
[BlackTeam "Kragujevac Radnicki"]
[WhiteTeamCountry "SRB"]
[BlackTeamCountry "SRB"]

1. e4 c5 2. Nc3 e6 3. Nge2 Nc6 4. g3 Nf6 5. Bg2 d5 6. exd5 exd5 7. d4 cxd4 8. Nxd4 Bg4 9. Qd3 Bc5 10. Nxc6 bxc6 11. 0-0 0-0 12. Na4 Bd6 13. c4 Re8 14. Nc3 Rb8 15. cxd5 cxd5 16. Bg5 Be5 1/2-1/2

[Event "SRB-chT Central"]
[Site "Novi Pazar"]
[Date "2024.10.10"]
[Round "1.3"]
[White "Djakovac, Enes"]
[Black "Radivojevic, Ivan"]
[Result "0-1"]
[WhiteElo "2104"]
[BlackElo "2341"]
[PlyCount "79"]
[EventDate "2024.10.10"]
[EventType "team-tourn"]
[EventRounds "11"]
[EventCountry "SRB"]
[SourceTitle "CB43_2024"]
[Source "Chessbase"]
[SourceDate "2024.10.23"]
[SourceVersion "1"]
[SourceVersionDate "2024.10.23"]
[SourceQuality "1"]
[WhiteTeam "Kraljevo Sloga"]
[BlackTeam "Ivanjica"]
[WhiteTeamCountry "SRB"]
[BlackTeamCountry "SRB"]

1. e4 c6 2. Nf3 d5 3. Nc3 Nf6 4. e5 Ne4 5. d3 Nxc3 6. bxc3 Bg4 7. h3 Bxf3 8. Qxf3 e6 9. Qg3 c5 10. Be2 Nc6 11. 0-0 Qc7 12. Rb1 b6 13. Bf4 h6 14. h4 g6 15. Rfe1 Be7 16. Bd1 g5 17. Bd2 gxh4 18. Qg7 Kd7 19. Qxf7 Raf8 20. Qg7 h5 21. d4 c4 22. Qg6 Nd8 23. Bh6 Rfg8 24. Qxh5 Rh7 25. f4 Rgh8 26. f5 Rxh6 27. Qf3 Kc8 28. fxe6 Qc6 29. Qh3 Rg8 30. Re3 Qxe6 31. Rb5 Bg5 32. Rf3 Qxh3 33. Rxh3 Ne6 34. Bg4 Be3+ 35. Rxe3 Rxg4 36. Kh1 Rhg6 37. Rf3 Rxg2 38. Rxd5 Rg1+ 39. Kh2 R6g2+ 40. Kh3 0-1

[Event "Titled Tuesday intern op 15th Aug Late"]
[Site "Chess.com INT"]
[Date "2023.08.15"]
[Round "11"]
[White "Radivojevic, Ivan"]
[Black "Seletsky, Grigory"]
[Result "1-0"]
[WhiteElo "2357"]
[BlackElo "2220"]
[PlyCount "175"]
[EventDate "2023.08.15"]
[EventType "swiss (blitz)"]
[EventRounds "11"]
[EventCountry "USA"]
[SourceTitle "EXT 2024"]
[Source "ChessBase"]
[SourceDate "2023.10.10"]
[SourceVersion "1"]
[SourceVersionDate "2023.10.10"]
[SourceQuality "1"]

1. e4 c5 2. Nc3 e6 3. f4 a6 4. g3 b5 5. Bg2 Bb7 6. d3 d6 7. Nh3 Nd7 8. Nf2 g6 9. 0-0 Ne7 10. Be3 Bg7 11. Rb1 0-0 12. Ne2 d5 13. c3 d4 14. cxd4 cxd4 15. Nxd4 e5 16. Nf3 Rc8 17. d4 exd4 18. Bxd4 Nc5 19. Bxg7 Kxg7 20. Qe2 Qb6 21. Kh1 b4 22. b3 a5 23. Rfd1 Rfd8 24. Qb2+ Kg8 25. Ne5 h5 26. Rbc1 Rxd1+ 27. Rxd1 Rd8 28. Qc2 Rxd1+ 29. Qxd1 Qc7 30. Qc2 Qd6 31. Nc4 Qd4 32. h3 a4 33. bxa4 Ba6 34. Ne5 h4 35. gxh4 Qe3 36. Neg4 Qd4 37. h5 gxh5 38. Nf6+ Qxf6 39. Qxc5 Qxf4 40. Qxe7 Qxf2 41. Qg5+ Kf8 42. Qh6+ Kg8 43. Qg5+ Kf8 44. Qh6+ Kg8 45. Qxa6 h4 46. Qc8+ Kg7 47. Qg4+ Kf8 48. e5 Qe1+ 49. Kh2 Qxe5+ 50. Kg1 Qe3+ 51. Kf1 Qc1+ 52. Ke2 Qc2+ 53. Ke3 Qc3+ 54. Kf2 Qd2+ 55. Kf3 Qd3+ 56. Kf4 Qd4+ 57. Kg5 Qb2 58. Kxh4 f6 59. Bd5 Qf2+ 60. Kh5 Qc5 61. Qg8+ Ke7 62. Qe6+ Kd8 63. Qxf6+ Kc7 64. Qc6+ Qxc6 65. Bxc6 Kxc6 66. Kg6 Kb6 67. h4 Ka5 68. h5 Kxa4 69. h6 Ka3 70. h7 Kxa2 71. h8Q b3 72. Qa8+ Kb1 73. Qe4+ Ka1 74. Qa4+ Kb2 75. Kf5 Kc2 76. Qc4+ Kb2 77. Ke4 Ka3 78. Qa6+ Kb4 79. Qb6+ Kc3 80. Qc5+ Kd2 81. Qb4+ Kc2 82. Qc4+ Kb2 83. Kd3 Ka1 84. Qa4+ Kb2 85. Kd2 Kb1 86. Qxb3+ Ka1 87. Qb4 Ka2 88. Kc2 1-0

[Event "Titled Tuesday intern op 23rd Aug Late"]
[Site "Chess.com INT"]
[Date "2022.08.23"]
[Round "5"]
[White "Radivojevic, Ivan"]
[Black "Rios Escobar, Adan"]
[Result "1-0"]
[WhiteElo "2357"]
[BlackElo "2276"]
[PlyCount "129"]
[EventDate "2022.08.23"]
[EventType "swiss (blitz)"]
[EventRounds "11"]
[EventCountry "USA"]
[SourceTitle "EXT 2023"]
[Source "ChessBase"]
[SourceDate "2022.10.05"]
[SourceVersion "1"]
[SourceVersionDate "2022.10.05"]
[SourceQuality "1"]

1. e4 c5 2. Nc3 d6 3. f4 g6 4. Nf3 Bg7 5. Bb5+ Bd7 6. Bxd7+ Nxd7 7. d3 e6 8. 0-0 Ne7 9. Qe1 h6 10. Kh1 a6 11. e5 d5 12. Ne2 h5 13. d4 c4 14. Be3 Nf5 15. Bf2 b5 16. a4 Bf8 17. axb5 axb5 18. Qd2 Be7 19. g3 Kf8 20. h3 Kg7 21. Kg2 b4 22. Rxa8 Qxa8 23. g4 hxg4 24. hxg4 Nh6 25. Kg3 Qa2 26. Qc1 Nb6 27. Rh1 b3 28. Nc3 Qa6 29. Be3 Ng8 30. Rxh8 Kxh8 31. f5 exf5 32. gxf5 gxf5 33. Bg5 Nd7 34. Nxd5 Qg6 35. cxb3 cxb3 36. Qf4 Nf8 37. Nxe7 Nxe7 38. Nh4 Qg8 39. Nxf5 Nfg6 40. Nxe7 Nxf4 41. Nxg8 Ne2+ 42. Kf2 Nxd4 43. Ne7 Kg7 44. Bf6+ Kh6 45. Ke3 Nc2+ 46. Kd3 Kh5 47. Kc3 Na1 48. Nf5 Kg6 49. Nd4 Kh7 50. Nxb3 Kg6 51. Nxa1 Kf5 52. Nc2 Ke6 53. b4 Kd5 54. Kb3 Kc6 55. Kc4 Kb6 56. b5 Kb7 57. Kc5 Kc7 58. b6+ Kb7 59. Kb5 Kb8 60. Kc6 Kc8 61. Be7 Kb8 62. Bd6+ Ka8 63. b7+ Ka7 64. b8Q+ Ka6 65. Qb6# 1-0

[Event "SRB-chT 1st League CS"]
[Site "Bajina Basta"]
[Date "2021.10.01"]
[Round "8.4"]
[White "Rabrenovic, Vladan"]
[Black "Radivojevic, Ivan"]
[Result "0-1"]
[WhiteElo "2317"]
[BlackElo "2349"]
[PlyCount "72"]
[EventDate "2021.09.26"]
[EventType "team-tourn"]
[EventRounds "11"]
[EventCountry "SRB"]
[SourceTitle "EXT 2023"]
[Source "ChessBase"]
[SourceDate "2022.10.05"]
[SourceVersion "1"]
[SourceVersionDate "2022.10.05"]
[SourceQuality "1"]
[WhiteTeam "Cacak Borac"]
[BlackTeam "Pozega"]
[WhiteTeamCountry "SRB"]
[BlackTeamCountry "SRB"]

1. d4 Nf6 2. c4 e6 3. Nf3 Bb4+ 4. Bd2 Qe7 5. g3 0-0 6. Bg2 Bxd2+ 7. Qxd2 d6 8. 0-0 e5 9. d5 a5 10. Nc3 Na6 11. e4 c6 12. Rfd1 Rd8 13. Nh4 cxd5 14. Nxd5 Nxd5 15. Qxd5 Qc7 16. Nf5 Be6 17. Qd2 Qxc4 18. Qg5 Bxf5 19. exf5 f6 20. Qd2 Qb5 21. g4 Kh8 22. g5 Qd7 23. Rac1 d5 24. gxf6 gxf6 25. Qxa5 Qxf5 26. Bxd5 e4 27. Qb6 Qg5+ 28. Kf1 Rxd5 29. Qxb7 Rxd1+ 30. Rxd1 Rg8 31. Qxa6 Qg2+ 32. Ke1 Qh1+ 33. Qf1 Rg1 34. Qxg1 Qxg1+ 35. Ke2 Qg4+ 36. Kd2 Qf4+ 0-1

[Event "SRB-chT 1st League CS"]
[Site "Bajina Basta"]
[Date "2021.09.27"]
[Round "2.5"]
[White "Radivojevic, Ivan"]
[Black "Zivkovic, Nemanja"]
[Result "0-1"]
[WhiteElo "2349"]
[BlackElo "2318"]
[PlyCount "120"]
[EventDate "2021.09.26"]
[EventType "team-tourn"]
[EventRounds "11"]
[EventCountry "SRB"]
[SourceTitle "EXT 2023"]
[Source "ChessBase"]
[SourceDate "2022.10.05"]
[SourceVersion "1"]
[SourceVersionDate "2022.10.05"]
[SourceQuality "1"]
[WhiteTeam "Pozega"]
[BlackTeam "Nis Nais"]
[WhiteTeamCountry "SRB"]
[BlackTeamCountry "SRB"]

1. e4 c5 2. Nc3 Nc6 3. Bb5 Nd4 4. Nf3 a6 5. Bd3 Nc6 6. Nd5 e6 7. 0-0 d6 8. Ne3 Nf6 9. c3 Be7 10. Bc2 d5 11. exd5 exd5 12. d4 0-0 13. Nf5 Bxf5 14. Bxf5 Qb6 15. dxc5 Bxc5 16. Bg5 Ne4 17. Qxd5 Nxg5 18. Nxg5 g6 19. Bc2 Be7 20. Ne4 Qxb2 21. Bb3 Rad8 22. Qc4 Kg7 23. Rab1 Qa3 24. Qe2 f5 25. Nd2 Rfe8 26. Nc4 Qc5 27. Qf3 Bf6 28. Rbd1 b5 29. Ne3 Bxc3 30. Nd5 Nd4 31. Rxd4 Bxd4 32. Nf4 Rd6 33. Qb7+ Kh6 34. Qf7 Qe5 35. Nd5 a5 36. Nc7 Rc8 37. Ne6 a4 38. Qe7 Rxe6 39. Bxe6 Rc7 40. Qf8+ Kh5 41. Qd8 Bb6 42. Qd1+ Kh6 43. Re1 Qd4 44. Qxd4 Bxd4 45. Rb1 Rc2 46. h3 Bxf2+ 47. Kh2 f4 48. h4 Rc5 49. Bd7 Rh5 50. Rxb5 Bg3+ 51. Kg1 Rxb5 52. Bxb5 a3 53. Kf1 Bxh4 54. Ke2 Bd8 55. Bd7 Kg5 56. Be8 Kh4 57. Kf3 g5 58. Bd7 h5 59. g4 fxg3 60. Kg2 g4 0-1

[Event "SRB-chT 1st League CS"]
[Site "Bajina Basta"]
[Date "2021.09.27"]
[Round "3.5"]
[White "Ravic, Nenad"]
[Black "Radivojevic, Ivan"]
[Result "1/2-1/2"]
[WhiteElo "2227"]
[BlackElo "2349"]
[PlyCount "37"]
[EventDate "2021.09.26"]
[EventType "team-tourn"]
[EventRounds "11"]
[EventCountry "SRB"]
[SourceTitle "EXT 2023"]
[Source "ChessBase"]
[SourceDate "2022.10.05"]
[SourceVersion "1"]
[SourceVersionDate "2022.10.05"]
[SourceQuality "1"]
[WhiteTeam "Kraljevo Sloga"]
[BlackTeam "Pozega"]
[WhiteTeamCountry "SRB"]
[BlackTeamCountry "SRB"]

1. e4 c6 2. d4 d5 3. e5 Bf5 4. c4 e6 5. Nc3 Ne7 6. a3 dxc4 7. Bxc4 Nd7 8. Nge2 Nb6 9. Bb3 Ned5 10. 0-0 Be7 11. Ng3 Bg6 12. f4 Qd7 13. Qf3 0-0 14. Nce4 a5 15. f5 exf5 16. Nxf5 Bxf5 17. Qxf5 Qxf5 18. Rxf5 a4 19. Ba2 1/2-1/2

[Event "Titled Tuesday intern op 22nd Dec"]
[Site "Chess.com INT"]
[Date "2020.12.22"]
[Round "8"]
[White "Kiseleva, Arina"]
[Black "Radivojevic, Ivan"]
[Result "0-1"]
[WhiteElo "2035"]
[BlackElo "2349"]
[PlyCount "40"]
[EventDate "2020.12.22"]
[EventType "swiss (blitz)"]
[EventRounds "11"]
[EventCountry "USA"]
[SourceTitle "CBM 199 Extra"]
[Source "ChessBase"]
[SourceDate "2021.01.31"]
[SourceVersion "1"]
[SourceVersionDate "2021.01.31"]
[SourceQuality "1"]

1. d4 Nf6 2. Nf3 d6 3. g3 c6 4. Bg2 Bg4 5. h3 Bh5 6. c4 Nbd7 7. Nc3 e5 8. d5 cxd5 9. Nxd5 Nxd5 10. Qxd5 Qc7 11. Bd2 Be7 12. b3 0-0 13. Ng5 Rab8 14. Qd3 Bg6 15. Be4 Nc5 16. Qc2 Bxg5 17. Bxg6 Bxd2+ 18. Qxd2 hxg6 19. 0-0-0 b5 20. cxb5 Nxb3+ 0-1

[Event "Titled Tuesday intern op 22nd Dec"]
[Site "Chess.com INT"]
[Date "2020.12.22"]
[Round "10"]
[White "Radivojevic, Ivan"]
[Black "Yanayt, Eugene"]
[Result "1-0"]
[WhiteElo "2349"]
[BlackElo "2126"]
[PlyCount "73"]
[EventDate "2020.12.22"]
[EventType "swiss (blitz)"]
[EventRounds "11"]
[EventCountry "USA"]
[SourceTitle "CBM 199 Extra"]
[Source "ChessBase"]
[SourceDate "2021.01.31"]
[SourceVersion "1"]
[SourceVersionDate "2021.01.31"]
[SourceQuality "1"]

1. e4 c5 2. Nc3 g6 3. f4 Bg7 4. Nf3 Nf6 5. e5 Ng4 6. h3 Nh6 7. g4 d6 8. d4 cxd4 9. Qxd4 0-0 10. Qe4 Kh8 11. Bc4 f5 12. exf6 exf6 13. 0-0 f5 14. gxf5 Nxf5 15. Kh2 Nc6 16. Ng5 Qc7 17. Bd2 h6 18. Ne6 Bxe6 19. Qxe6 Rf6 20. Nd5 Rxe6 21. Nxc7 Re4 22. Bd3 Ree8 23. Nxa8 Rxa8 24. Rfe1 Bxb2 25. Rab1 Bf6 26. Rxb7 Ncd4 27. Kg2 Nh4+ 28. Kg3 Nhf3 29. Rd1 Bh4+ 30. Kg2 Re8 31. Bc3 Bf6 32. Bxd4 Nxd4 33. Rxa7 Nxc2 34. Bxc2 Re3 35. Bxg6 Re2+ 36. Kf3 Rh2 37. Rxd6 1-0

[Event "Titled Tuesday intern op 22nd Dec"]
[Site "Chess.com INT"]
[Date "2020.12.22"]
[Round "7"]
[White "Radivojevic, Ivan"]
[Black "Zvereva, Margarita"]
[Result "1-0"]
[WhiteElo "2349"]
[BlackElo "1937"]
[PlyCount "69"]
[EventDate "2020.12.22"]
[EventType "swiss (blitz)"]
[EventRounds "11"]
[EventCountry "USA"]
[SourceTitle "CBM 199 Extra"]
[Source "ChessBase"]
[SourceDate "2021.01.31"]
[SourceVersion "1"]
[SourceVersionDate "2021.01.31"]
[SourceQuality "1"]

1. e4 c5 2. Nc3 d6 3. g3 g6 4. Bg2 Bg7 5. d3 e6 6. Be3 Ne7 7. Qd2 0-0 8. Bh6 Nbc6 9. h4 f5 10. h5 Rf7 11. hxg6 Nxg6 12. Bxg7 Rxg7 13. 0-0-0 a6 14. Nh3 fxe4 15. Nxe4 Nce5 16. Nf4 Nxf4 17. Qxf4 Ng6 18. Qxd6 Qxd6 19. Nxd6 Rb8 20. Rde1 Re7 21. Bh3 Bd7 22. f4 b5 23. f5 exf5 24. Bxf5 Rxe1+ 25. Rxe1 Bxf5 26. Nxf5 Rf8 27. g4 Rf6 28. a4 Nf4 29. axb5 axb5 30. Re5 Ne6 31. b4 c4 32. Rxb5 cxd3 33. cxd3 Nf4 34. Kd2 Rd6 35. Nxd6 1-0

[Event "SRB-chT 1st League"]
[Site "Bajina Basta"]
[Date "2020.10.13"]
[Round "5.1"]
[White "Zivanovic, Bojan"]
[Black "Radivojevic, Ivan"]
[Result "1/2-1/2"]
[WhiteElo "2159"]
[BlackElo "2365"]
[PlyCount "253"]
[EventDate "2020.10.10"]
[EventType "team-tourn"]
[EventRounds "11"]
[EventCountry "SRB"]
[SourceTitle "CBM 198 Extra"]
[Source "ChessBase"]
[SourceDate "2020.11.30"]
[SourceVersion "1"]
[SourceVersionDate "2020.11.30"]
[SourceQuality "1"]
[WhiteTeam "Valjevo Krusik"]
[BlackTeam "Pozega"]
[WhiteTeamCountry "SRB"]
[BlackTeamCountry "SRB"]

1. e4 c6 2. d4 d5 3. Nc3 dxe4 4. Nxe4 Nf6 5. Nxf6+ gxf6 6. c3 Bf5 7. Nf3 e6 8. Bf4 Bd6 9. Bg3 Qc7 10. Bd3 Bxd3 11. Qxd3 Nd7 12. 0-0-0 0-0-0 13. Rhe1 Nf8 14. Bxd6 Qxd6 15. g3 Ng6 16. Kb1 Kb8 17. Qe3 Qd5 18. Rd2 f5 19. Ng5 Rd7 20. h4 f4 21. Qe4 h6 22. Qxd5 cxd5 23. Nf3 fxg3 24. fxg3 Rg8 25. h5 Nf8 26. Ne5 Re7 27. Rf2 f5 28. g4 fxg4 29. Nxg4 Nd7 30. Nxh6 Rh8 31. Rf7 Rxf7 32. Nxf7 Rxh5 33. Rxe6 Rh1+ 34. Kc2 Rh2+ 35. Kb3 Kc7 36. Ne5 Nxe5 37. Rxe5 Kc6 38. Re6+ Kc7 39. Rg6 a6 40. a4 a5 41. Ka3 Rh3 42. Rg7+ Kc6 43. Rg8 Kc7 44. Ra8 b6 45. Ra7+ Kc6 46. Rg7 Rf3 47. Rg6+ Kc7 48. Rg2 Kc6 49. Ka2 Rd3 50. Kb3 Rd1 51. Rg6+ Kc7 52. Rg3 Ra1 53. Rg2 Rd1 54. Kc2 Ra1 55. Rg7+ Kc6 56. Rg6+ Kc7 57. Kb3 Rc1 58. Rg4 Kc6 59. Ka3 Ra1+ 60. Kb3 Rc1 61. Rg2 Rd1 62. Rc2 Kd6 63. Ka2 Kc6 64. b3 Rd3 65. Ka3 Rd1 66. b4 axb4+ 67. Kxb4 Rb1+ 68. Ka3 Rg1 69. Rb2 Rc1 70. Kb4 Ra1 71. Kb3 Kc7 72. Ra2 Rb1+ 73. Kc2 Rh1 74. Rb2 Kc6 75. Rb4 Rh2+ 76. Kb3 Rd2 77. Rb5 Rd1 78. Kc2 Ra1 79. Rb4 Ra2+ 80. Kd3 Ra3 81. Kc2 Ra2+ 82. Kb3 Rd2 83. Ka3 Rd1 84. Rb3 Ra1+ 85. Kb4 Ra2 86. Rb1 Rc2 87. Rg1 Rb2+ 88. Ka3 Rd2 89. Rg6+ Kc7 90. Rg4 Rd1 91. Kb3 Rb1+ 92. Ka2 Rd1 93. Kb2 Kc6 94. Rg6+ Kc7 95. a5 bxa5 96. Ra6 Rh1 97. Rxa5 Kc6 98. Rc5+ Kd6 99. Kb3 Ra1 100. Rc8 Rb1+ 101. Kc2 Rh1 102. Rg8 Kc6 103. Rg5 Rf1 104. Kb3 Rb1+ 105. Ka4 Ra1+ 106. Kb4 Rb1+ 107. Ka3 Ra1+ 108. Kb3 Rb1+ 109. Kc2 Rf1 110. Rg8 Rh1 111. Kd2 Rh2+ 112. Ke3 Rh3+ 113. Kf4 Kd7 114. Rg3 Rh4+ 115. Kg5 Rh1 116. Kf5 Rh5+ 117. Kf6 Kd6 118. Re3 Rh6+ 119. Kg7 Rh1 120. Rf3 Rg1+ 121. Kf7 Rh1 122. Ke8 Rh8+ 123. Rf8 Rh3 124. Rf6+ Kc7 125. Rf5 Kc6 126. Rf6+ Kc7 127. Rf5 1/2-1/2

[Event "Titled Tuesday intern op 28th Apr"]
[Site "Chess.com INT"]
[Date "2020.04.28"]
[Round "6"]
[White "Almeida Junior, Alvaro Alves de"]
[Black "Radivojevic, Ivan"]
[Result "1-0"]
[WhiteElo "2174"]
[BlackElo "2365"]
[PlyCount "89"]
[EventDate "2020.04.28"]
[EventType "swiss (blitz)"]
[EventRounds "10"]
[EventCountry "USA"]
[SourceTitle "EXT 2021"]
[Source "ChessBase"]
[SourceDate "2020.10.23"]
[SourceVersion "1"]
[SourceVersionDate "2020.10.23"]
[SourceQuality "1"]

1. e4 c6 2. Nc3 d5 3. Nf3 Nf6 4. exd5 cxd5 5. d4 Nc6 6. Bb5 Bg4 7. Be3 e6 8. h3 Bh5 9. g4 Bg6 10. Ne5 Rc8 11. h4 h6 12. Nxg6 fxg6 13. Qd3 Kf7 14. h5 g5 15. Qg6+ Kg8 16. 0-0-0 Ne7 17. Qd3 a6 18. Ba4 b5 19. Bb3 Nc6 20. f4 gxf4 21. Bxf4 Nh7 22. Rhe1 Qd7 23. Rxe6 Nb4 24. Qg6 a5 25. Bd6 a4 26. Bxd5 Nxd5 27. Nxd5 Qc6 28. Ne3 Qf3 29. Bxf8 Nxf8 30. Qe4 Qe2 31. Re8 Rxe8 32. Qxe8 a3 33. bxa3 Kh7 34. Qe4+ g6 35. Qb7+ Kg8 36. Nd5 Qf2 37. Ne7+ Kf7 38. Nf5+ Ke6 39. Qe7+ Kd5 40. Qe5+ Kc6 41. Qxh8 Qf4+ 42. Kb1 gxf5 43. Qxf8 Qxg4 44. Qc5+ Kb7 45. Re1 1-0

[Event "Titled Tuesday intern op 28th Apr"]
[Site "Chess.com INT"]
[Date "2020.04.28"]
[Round "3"]
[White "Radivojevic, Ivan"]
[Black "Kushagra, Mohan"]
[Result "1-0"]
[WhiteElo "2365"]
[BlackElo "2351"]
[PlyCount "89"]
[EventDate "2020.04.28"]
[EventType "swiss (blitz)"]
[EventRounds "10"]
[EventCountry "USA"]
[SourceTitle "EXT 2021"]
[Source "ChessBase"]
[SourceDate "2020.10.23"]
[SourceVersion "1"]
[SourceVersionDate "2020.10.23"]
[SourceQuality "1"]

1. e4 e5 2. Nf3 Nc6 3. Bc4 Bc5 4. c3 Nf6 5. d4 exd4 6. cxd4 Bb4+ 7. Bd2 Bxd2+ 8. Nbxd2 d5 9. exd5 Nxd5 10. Qb3 Be6 11. Qxb7 Ndb4 12. Bxe6 Rb8 13. Qxb8 Qxb8 14. Bb3 Nd3+ 15. Ke2 Nf4+ 16. Kf1 0-0 17. g3 Qb5+ 18. Bc4 Qxb2 19. Rb1 Qc3 20. gxf4 Nxd4 21. Bd5 Qd3+ 22. Kg2 Nxf3 23. Bxf7+ Rxf7 24. Rb8+ Rf8 25. Rxf8+ Kxf8 26. Nxf3 Qg6+ 27. Kh3 Qc2 28. Kg3 Qxa2 29. Rc1 Qf7 30. Ne5 Qe7 31. Rb1 g6 32. Rb7 a5 33. Ra7 Qb4 34. Rxc7 a4 35. Ng4 a3 36. Nf6 a2 37. Nxh7+ Ke8 38. Nf6+ Kd8 39. Rd7+ Kc8 40. Ra7 Qc3+ 41. f3 a1Q 42. Rxa1 Qxa1 43. Ng4 Qg7 44. Ne5 Kc7 45. h4 1-0

[Event "Titled Tuesday intern op 14th April"]
[Site "Chess.com INT"]
[Date "2020.04.14"]
[Round "8"]
[White "Martinez Molina, Carlos Alberto"]
[Black "Radivojevic, Ivan"]
[Result "1/2-1/2"]
[WhiteElo "2167"]
[BlackElo "2365"]
[PlyCount "40"]
[EventDate "2020.04.14"]
[EventType "swiss (blitz)"]
[EventRounds "10"]
[EventCountry "USA"]
[SourceTitle "EXT 2021"]
[Source "ChessBase"]
[SourceDate "2020.10.23"]
[SourceVersion "1"]
[SourceVersionDate "2020.10.23"]
[SourceQuality "1"]

1. d4 Nf6 2. c4 e6 3. Nc3 Bb4 4. Bd2 c5 5. e3 cxd4 6. exd4 d5 7. Nf3 Nc6 8. a3 Bxc3 9. Bxc3 0-0 10. Bd3 dxc4 11. Bxc4 b6 12. 0-0 Bb7 13. Ne5 Rc8 14. Rc1 Nxe5 15. dxe5 Rxc4 16. exf6 gxf6 17. Bxf6 Qxd1 18. Rfxd1 Rxc1 19. Rxc1 Rc8 20. Rxc8+ Bxc8 1/2-1/2

[Event "Titled Tuesday intern op 14th April"]
[Site "Chess.com INT"]
[Date "2020.04.14"]
[Round "3"]
[White "Vivas, Fabian"]
[Black "Radivojevic, Ivan"]
[Result "0-1"]
[WhiteElo "1951"]
[BlackElo "2365"]
[PlyCount "81"]
[EventDate "2020.04.14"]
[EventType "swiss (blitz)"]
[EventRounds "10"]
[EventCountry "USA"]
[SourceTitle "EXT 2021"]
[Source "ChessBase"]
[SourceDate "2020.10.23"]
[SourceVersion "1"]
[SourceVersionDate "2020.10.23"]
[SourceQuality "1"]

1. e4 c6 2. Nf3 d5 3. Nc3 Nf6 4. e5 Ne4 5. Ne2 Qb6 6. d4 e6 7. Nfg1 f6 8. f3 Ng5 9. Bxg5 fxg5 10. b3 c5 11. c3 Nc6 12. a3 Bd7 13. h4 gxh4 14. Rxh4 Be7 15. Rg4 g6 16. f4 0-0-0 17. Nf3 Rdf8 18. Qc2 Kb8 19. b4 cxd4 20. Nexd4 Nxd4 21. cxd4 Rc8 22. Qb2 Bb5 23. Nd2 Bxf1 24. Nxf1 Rhf8 25. Qd2 Rc4 26. Rd1 Rxb4 27. Ne3 Rb2 28. Qd3 Qa5+ 29. Kf1 Qxa3 30. Qxa3 Bxa3 31. Rh4 Be7 32. Rxh7 Rxf4+ 33. Kg1 Bg5 34. Rc1 a6 35. Rh8+ Ka7 36. Rcc8 Rxd4 37. Nf1 Rg4 38. Ra8+ Kb6 39. Rae8 Rbxg2+ 40. Kh1 Rg1+ 41. Kh2 0-1

[Event "Titled Tuesday intern op 5th Nov"]
[Site "Chess.com INT"]
[Date "2019.11.05"]
[Round "10"]
[White "Kosteniuk, Alexandra"]
[Black "Radivojevic, Ivan"]
[Result "1-0"]
[WhiteElo "2483"]
[BlackElo "2365"]
[PlyCount "113"]
[EventDate "2019.11.05"]
[EventType "swiss (blitz)"]
[EventRounds "10"]
[EventCountry "USA"]
[SourceTitle "EXT 2021"]
[Source "ChessBase"]
[SourceDate "2020.10.23"]
[SourceVersion "1"]
[SourceVersionDate "2020.10.23"]
[SourceQuality "1"]

1. Nf3 d6 2. e4 Bg4 3. d4 Nf6 4. Nc3 Nbd7 5. h3 Bxf3 6. Qxf3 e5 7. d5 Be7 8. Be3 c6 9. 0-0-0 Qa5 10. Kb1 0-0 11. g4 cxd5 12. Nxd5 Nxd5 13. Rxd5 Qc7 14. g5 Rac8 15. Bd3 Nb6 16. Bxb6 Qxb6 17. Rg1 Rc5 18. h4 Rfc8 19. h5 g6 20. hxg6 hxg6 21. Qh3 Bf8 22. Rh1 Bg7 23. Qd7 R5c7 24. Qxd6 Qxf2 25. a3 Qf4 26. b3 Qxg5 27. Bc4 a6 28. Qb6 Qg2 29. Rhd1 Qxe4 30. Rd8+ Kh7 31. Rxc8 Rxc8 32. Bd3 Qc6 33. Qe3 e4 34. Qh3+ Kg8 35. Bxe4 Qc3 36. Qxc3 Bxc3 37. Bxb7 Re8 38. Bxa6 f5 39. Bc4+ Kg7 40. b4 g5 41. Ka2 Re1 42. Rd7+ Kf6 43. Kb3 Be5 44. b5 g4 45. Rf7+ Kg5 46. Rf8 g3 47. Rg8+ Kf4 48. Bd5 Rb1+ 49. Ka4 Rb2 50. c4 Bd6 51. Ka5 Bxa3 52. b6 Bb4+ 53. Ka6 Bc5 54. b7 Rb6+ 55. Ka5 Rb2 56. b8Q+ Rxb8 57. Rxb8 1-0

[Event "Titled Tuesday intern op 5th Nov"]
[Site "Chess.com INT"]
[Date "2019.11.05"]
[Round "8"]
[White "Radivojevic, Ivan"]
[Black "Gurevich, Dmitry"]
[Result "1-0"]
[WhiteElo "2365"]
[BlackElo "2390"]
[PlyCount "115"]
[EventDate "2019.11.05"]
[EventType "swiss (blitz)"]
[EventRounds "10"]
[EventCountry "USA"]
[SourceTitle "EXT 2021"]
[Source "ChessBase"]
[SourceDate "2020.10.23"]
[SourceVersion "1"]
[SourceVersionDate "2020.10.23"]
[SourceQuality "1"]

1. e4 c5 2. Nc3 g6 3. f4 Bg7 4. Nf3 Nc6 5. Bb5 Nd4 6. 0-0 a6 7. Bd3 d6 8. Nxd4 cxd4 9. Ne2 Nf6 10. b3 0-0 11. Bb2 e5 12. c3 dxc3 13. Bxc3 d5 14. exd5 e4 15. Bc2 Qxd5 16. Ng3 Re8 17. Qe1 Bd7 18. h3 Bc6 19. Qe3 h5 20. Rae1 h4 21. Ne2 Bb5 22. a4 Bd3 23. Bd1 Rac8 24. Rf2 Nh5 25. Bxg7 Nxg7 26. Nc3 Qc5 27. Bg4 Qxe3 28. Rxe3 f5 29. Bd1 Red8 30. g3 hxg3 31. Rxg3 Kf7 32. Rfg2 Rd6 33. b4 Rh8 34. Kh2 Rh4 35. Bb3+ Kf8 36. Rxg6 Rxg6 37. Rxg6 Rxf4 38. Rf6+ Ke8 39. Rb6 Rf2+ 40. Kg3 Rxd2 41. Rxb7 Rb2 42. Bd5 Nh5+ 43. Kh4 Nf4 44. Bc6+ Kf8 45. Kg5 Rf2 46. b5 axb5 47. axb5 e3 48. b6 e2 49. Rb8+ Ke7 50. Re8+ Kd6 51. b7 Nxh3+ 52. Kf6 e1Q 53. Rxe1 Rb2 54. Nb5+ Kxc6 55. b8Q Rxb5 56. Re6+ Kd5 57. Qe5+ Kc4 58. Rc6+ 1-0

[Event "Titled Tuesday intern op 5th Nov"]
[Site "Chess.com INT"]
[Date "2019.11.05"]
[Round "1"]
[White "Radivojevic, Ivan"]
[Black "Quesada Perez, Yasser"]
[Result "0-1"]
[WhiteElo "2365"]
[BlackElo "2582"]
[PlyCount "86"]
[EventDate "2019.11.05"]
[EventType "swiss (blitz)"]
[EventRounds "10"]
[EventCountry "USA"]
[SourceTitle "EXT 2021"]
[Source "ChessBase"]
[SourceDate "2020.10.23"]
[SourceVersion "1"]
[SourceVersionDate "2020.10.23"]
[SourceQuality "1"]

1. e4 e5 2. Nf3 Nc6 3. Bc4 Bc5 4. c3 Nf6 5. d4 exd4 6. cxd4 Bb4+ 7. Bd2 Bxd2+ 8. Nbxd2 d5 9. exd5 Nxd5 10. Qb3 Na5 11. Qa4+ Nc6 12. Qb3 Nce7 13. 0-0 0-0 14. Rfe1 c6 15. Ne4 h6 16. Ne5 a5 17. Nc5 Qc7 18. Rad1 Rd8 19. Qf3 Nf5 20. a3 b6 21. Ne4 Be6 22. Ng3 Nxg3 23. hxg3 Qd6 24. Rc1 Rac8 25. Ba2 Rc7 26. Bb1 b5 27. Rcd1 Nf6 28. Nd3 Bd5 29. Qf4 Bb3 30. Rc1 Qxf4 31. gxf4 Rxd4 32. Ne5 c5 33. g3 c4 34. Nf3 Rd8 35. Re5 Ba4 36. Kg2 Kf8 37. b3 Bxb3 38. Rxb5 a4 39. Ne5 c3 40. Bc2 Bxc2 41. Rxc2 Rd2 42. Rc1 c2 43. Rb8+ Ke7 0-1